| 000 | 00715nam a2200241 a 4500 | ||
|---|---|---|---|
| 001 | 74793 | ||
| 003 | BD-RjUL | ||
| 005 | 20211209082614.0 | ||
| 008 | 181206s1977 nju 000 0 eng | ||
| 020 | _a013128777X | ||
| 035 | _a(BD-RjUL)75011 | ||
| 040 |
_aDLC _cDLC _dDLC _dBD-RjUL _beng |
||
| 041 | _aeng | ||
| 082 | 0 | 0 |
_223 _a540 _bHIS 1977 |
| 100 | 1 |
_aHill, James C., _d1942- _9225616 |
|
| 245 | 1 | 0 |
_aStudent's guide to Brown and LeMay, Chemistry, the central science / _cJames C. Hill. |
| 260 |
_aEnglewood Cliffs, N.J. : _bPrentice-Hall, _c1977. |
||
| 300 |
_aviii, 296 pages ; _c28 cm. |
||
| 650 | 0 |
_aChemistry. _9225617 |
|
| 942 |
_2ddc _cBK |
||
| 999 |
_c74793 _d74793 |
||